Responses for show #295 - Friday, October 25, 1985

Mark Leinwand game 2.

Contestants

[<< previous game]

Al Lusher, a high school teacher from North Hollywood, California

Faye Ringel, a college professor from Norwich, Connecticut

Mark Leinwand, an attorney and a businessman from Los Angeles, California (whose 1-day cash winnings total $8,950)

Jeopardy! Round responses

FARAWAY PLACES
MOVIES
NUMBERS
THE HUMAN BODY
DANCE SONGS
HATS
    $100 3
North Korea

Al
    $100 1
Blue

Mark
    $100 19
a thousand

Mark
    $100 15
the liver

Faye
    $100 5
(Al: What is "The Peppermint Twist", [*]?)

the Peppermint Lounge

Al
    $100 9
the mortarboard

Faye
    $200 4
the Indian Ocean

Faye
    $200 2
"The Marseillaise"

Al
    $200 21
2

Mark
    $200 20
a bunion

Al
    $200 17
"The Missouri Waltz"

Al
    $200 10
a Stetson

Mark
    $300 6
(Alex: Anyone?)
[Faye rings in.]
(Al: What is the Khyber Pass?)
(Alex: Wait a minute. Faye.)
(Faye: What is [*]?)
(Alex: Al, you have to be identified after you ring in. Your light will go on, and that gives you an indication.)

the Khyber Pass

Faye
    $300 11
(Alex: Yes, that's the Academy Award-winning film. Go.)

It Happened One Night

Faye
    $300 23
the fourth book

Triple Stumper
    $300 22
chicken pox

Faye
    $300 24
the Bossa Nova

Mark
    $300 12
the miter

Faye
    $400 7
[Alex: reads "S." as "southern".)

Argentina

Faye
    $400 14
One Flew over the Cuckoo's Nest

Al
    $400 28
3

Mark
    $400 26
marrow

Faye
    $400 25
"Save The Last Dance For Me"

Mark
    $400 13
milliner

Al
    $500 8
(Alex: The invisible points are the geographic, instantaneous, magnetic, geomagnetic, and pole of balance, all points of the [*]. That was a toughie.)

South Pole

Triple Stumper
    $500 18
All Quiet on the Western Front

Triple Stumper
    $500 29
150

Faye
    $500 27
an autopsy

Faye
    $500 16
the mantilla

Faye

Scores at the first commercial break (after clue 14):

Mark Faye Al
$300 $1,600 $1,200

Scores at the end of the Jeopardy! Round:

Mark Faye Al
$1,700 $3,900 $1,600

Double Jeopardy! Round responses

WORLD POLITICS
FICTIONAL VILLAINS
THE '50s
LABOR UNIONS
NORTH CAROLINA
IT'S LATIN TO ME
(Alex: All the responses are Latin expressions.)
    $200 3
Yasser Arafat

Mark
    $200 5
Simon Legree

Faye
    $200 19
read

Mark
    $200 24
19%

Triple Stumper
    $200 1
Marquis de Lafayette

Faye
    $200 2
alma mater

Mark
    $400 4
Grenada

Mark
    $400 10
The Maltese Falcon

Al
    $400 20
Charles Van Doren

Mark
    $400 25
the Teamsters

Mark
    $400 18
(Alex: It's got about 55,000 troops and about 60,000 dependents.)

Fort Bragg

Triple Stumper
    $400 6
et al

Mark
    $600 7
China

Al
    $600 11
(Al: Who is Fagin?)

(Bill) Sikes

FayeAl
    $600 22
The Blackboard Jungle

Mark
    $700 26
the American Federation of Television and Radio Artists

Mark
    $600 12
nolo contendere

Faye
    $800 8
Singapore

Mark
    $800 16
The Three Musketeers

Al
    $800 21
Wisconsin

Al
    $800 13
tempus fugit

Al
    $1000 9
(Mark: What is Yugoslavia?)

Albania

MarkAl
    $1000 14
Faulkner

Faye
    $3,000 23
1957

Mark
    $1000 17
Harry Golden

Faye
    $1000 15
Quo vadis?

Al

Scores at the end of the Double Jeopardy! Round:

Mark Faye Al
$8,000 $7,500 $6,400

[wagering suggestions for these scores]

Final Jeopardy! Round responses

SCIENCE
(Alex: [Reading Al's response] [*]. You came up with the right word, Al, but you forgot to phrase it in the form of a question.)
(Al: What is [*]?)
(Alex: Well, you can't write it in now. I'm sorry.)
(Al: Oh, no. Oh!)
(Alex: Well, that's too bad. [Wager revealed] You lost $6400. That gives you nothing.)
AlHelium
$6,400
FayeWhat is Helium?
$7,499
MarkWhat is helium?
$7,500
helium

Final scores:

Mark Faye Al
$15,500 $14,999 $0
2-day champion: $24,450 2nd place: Frigidaire refrigerator-freezer + Cutco cutlery 3rd place: Arthur Murray dance lessons

Game dynamics:

Coryat scores:

Mark Faye Al
$5,900 $7,500 $6,400
18 R
(including 3 DDs),
1 W
18 R,
0 W
14 R,
1 W

Combined Coryat: $19,800

The J! Archive is created by fans, for fans. The Jeopardy! game show and all elements thereof, including but not limited to copyright and trademark thereto, are the property of Jeopardy Productions, Inc. and are protected under law. This website is not affiliated with, sponsored by, or operated by Jeopardy Productions, Inc. Join the discussion at JBoard.tv.